<?xml version="1.0" encoding="UTF-8"?>
<record
    xmlns:xsi="http://www.w3.org/2001/XMLSchema-instance"
    xsi:schemaLocation="http://www.loc.gov/MARC21/slim http://www.loc.gov/standards/marcxml/schema/MARC21slim.xsd"
    xmlns="http://www.loc.gov/MARC21/slim">

  <leader>00947nam a22002057a 4500</leader>
  <controlfield tag="005">20231206123639.0</controlfield>
  <datafield tag="010" ind1=" " ind2=" ">
    <subfield code="a">HIN-126462</subfield>
  </datafield>
  <datafield tag="020" ind1=" " ind2=" ">
    <subfield code="a">9789392380211</subfield>
    <subfield code="c">550.00</subfield>
  </datafield>
  <datafield tag="035" ind1=" " ind2=" ">
    <subfield code="a">HN-98808</subfield>
  </datafield>
  <datafield tag="037" ind1=" " ind2=" ">
    <subfield code="b">DBAD/PUB.</subfield>
  </datafield>
  <datafield tag="082" ind1=" " ind2=" ">
    <subfield code="a">921</subfield>
  </datafield>
  <datafield tag="100" ind1=" " ind2=" ">
    <subfield code="a">&#x916;&#x924;&#x94D;&#x930;&#x940;,&#x930;&#x93E;&#x92E; &#x915;&#x943;&#x937;&#x94D;&#x923; </subfield>
    <subfield code="9">59571</subfield>
  </datafield>
  <datafield tag="245" ind1=" " ind2=" ">
    <subfield code="a">&#x936;&#x939;&#x940;&#x926;&#x94B;&#x902; &#x915;&#x940; &#x91B;&#x93E;&#x92F;&#x93E; &#x92E;&#x947;&#x902;/</subfield>
    <subfield code="c"> &#x930;&#x93E;&#x92E; &#x915;&#x943;&#x937;&#x94D;&#x923; &#x916;&#x924;&#x94D;&#x930;&#x940;;&#x938;&#x92E;&#x94D;&#x92A;&#x93E;&#x926;&#x915; &#x926;&#x94D;&#x935;&#x93E;&#x930;&#x93E; &#x938;&#x941;&#x927;&#x940;&#x930; &#x935;&#x93F;&#x927;&#x93E;&#x930;&#x94D;&#x925;&#x940; </subfield>
  </datafield>
  <datafield tag="250" ind1=" " ind2=" ">
    <subfield code="a">1</subfield>
  </datafield>
  <datafield tag="260" ind1=" " ind2=" ">
    <subfield code="a">&#x926;&#x93F;&#x932;&#x94D;&#x932;&#x940; </subfield>
    <subfield code="b">&#x905;&#x928;&#x928;&#x94D;&#x92F; &#x92A;&#x94D;&#x930;&#x915;&#x936;&#x928; </subfield>
    <subfield code="c">2022 </subfield>
  </datafield>
  <datafield tag="270" ind1=" " ind2=" ">
    <subfield code="a">&#x908;-17, &#x92A;&#x902;&#x91A;&#x936;&#x940;&#x932; &#x917;&#x93E;&#x930;&#x94D;&#x921;&#x928;, &#x928;&#x935;&#x940;&#x928; &#x936;&#x93E;&#x939;&#x926;&#x930;&#x93E; </subfield>
    <subfield code="b">&#x926;&#x93F;&#x932;&#x94D;&#x932;&#x940; </subfield>
    <subfield code="e">110032 </subfield>
  </datafield>
  <datafield tag="300" ind1=" " ind2=" ">
    <subfield code="a">262&#x92A;&#x943;&#x937;&#x94D;&#x91F;;</subfield>
    <subfield code="c">23 &#x938;&#x947;&#x92E;&#x940; (&#x938;&#x91C;&#x93F;&#x932;&#x94D;&#x926;)</subfield>
  </datafield>
  <datafield tag="710" ind1=" " ind2=" ">
    <subfield code="a">&#x938;&#x941;&#x927;&#x940;&#x930; &#x935;&#x93F;&#x927;&#x93E;&#x930;&#x94D;&#x925;&#x940; </subfield>
    <subfield code="e">&#x938;&#x92E;&#x94D;&#x92A;&#x93E;&#x926;&#x915; </subfield>
    <subfield code="9">59523</subfield>
  </datafield>
  <datafield tag="942" ind1=" " ind2=" ">
    <subfield code="a">DPL</subfield>
    <subfield code="c">HN</subfield>
    <subfield code="2">ddc</subfield>
    <subfield code="h">921</subfield>
    <subfield code="m">&#x916;&#x924;&#x94D;&#x930;&#x940;&#x930;&#x93E; </subfield>
  </datafield>
  <datafield tag="999" ind1=" " ind2=" ">
    <subfield code="c">199485</subfield>
    <subfield code="d">199485</subfield>
  </datafield>
  <datafield tag="952" ind1=" " ind2=" ">
    <subfield code="0">0</subfield>
    <subfield code="1">0</subfield>
    <subfield code="4">0</subfield>
    <subfield code="7">0</subfield>
    <subfield code="8">NFIC</subfield>
    <subfield code="a">VP</subfield>
    <subfield code="b">VP</subfield>
    <subfield code="d">2023-12-05</subfield>
    <subfield code="e">DBAD/PUB</subfield>
    <subfield code="g">550.00</subfield>
    <subfield code="l">1</subfield>
    <subfield code="o">921 &#x916;&#x924;&#x94D;&#x930;&#x940;&#x930;&#x93E; </subfield>
    <subfield code="p">HN-98808</subfield>
    <subfield code="r">2025-06-24 00:00:00</subfield>
    <subfield code="s">2025-06-16</subfield>
    <subfield code="t">1</subfield>
    <subfield code="v">550.00</subfield>
    <subfield code="w">2023-12-05</subfield>
    <subfield code="y">HN</subfield>
  </datafield>
</record>
